ا شک کر بلا (Record no. 166479)

MARC details
000 -LEADER
fixed length control field 00696nam a22001937a 4500
005 - DATE AND TIME OF LATEST TRANSACTION
control field 20190814120716.0
010 ## - LCCN (DPL NO)
LC control number UR-10281
020 ## - INTERNATIONAL STANDARD BOOK NUMBER
Terms of availability 110.00
International Standard Book Number -
035 ## - SYSTEM CONTROL NUMBER
System control number U-8836
037 ## - SOURCE OF ACQUISITION
Source of stock number/acquisition DBAD/PUB
082 ## - DEWEY DECIMAL CLASSIFICATION NUMBER
Classification number 841
100 ## - MAIN ENTRY--PERSONAL NAME
Personal name ٹر ا نسليٹر:مير با بر علی ا نيس
245 ## - TITLE STATEMENT
Title ا شک کر بلا
Statement of responsibility, etc ٹر ا نسليٹر:مير با بر علی ا نيس
246 ## - VARYING FORM OF TITLE
Remainder of title Ashke Karbala (Urdu)
Title proper/short title Tran.by Babar Ali Anees
260 ## - PUBLICATION, DISTRIBUTION, ETC. (IMPRINT)
Place of publication, distribution, etc Delhi
Name of publisher, distributor, etc Educational Publishing House
Date of publication, distribution, etc 2019 ء
270 ## - ADDRESS
Address 3191،Vakil Street,Kucha Pandit,Lal Kuan,
City Delhi
Postal code 110006
Telephone number 23216162
Fax number 00911123211540
300 ## - PHYSICAL DESCRIPTION
Extent 120 ص
Dimensions 22 Cm(Hb)
942 ## - ADDED ENTRY ELEMENTS (KOHA)
Source of classification or shelving scheme Dewey Decimal Classification
Item type Urdu Bks
Classification part 841
Call number suffix ک ر ب
Holdings
Withdrawn status Lost status Not for loan Collection code Home library Current library Date acquired Source of acquisition Cost, normal purchase price Full call number Barcode Copy number Cost, replacement price Koha item type
    Not For Loan Non-fiction D.B.Act.Division D.B.Act.Division 24/07/2019 DBAD/PUB 110.00 841 ک ر ب U-8836 1 110.00 Urdu Bks

© Delhi Public Library
Hit Counter
free hit counter